Management of colleges and universities of science and technology / (Record no. 15930)
[ view plain ]
| 000 -LEADER | |
|---|---|
| fixed length control field | 00432cam a22001335a 4500 |
| 020 ## - INTERNATIONAL STANDARD BOOK NUMBER | |
| ISBN | 9789719371809 |
| 040 ## - CATALOGING SOURCE | |
| Transcribing agency | DLC |
| 082 ## - DEWEY DECIMAL CLASSIFICATION NUMBER | |
| Classification number | 822 PUB 2006 A097 Or. |
| 100 1# - MAIN ENTRY--AUTHOR NAME | |
| Personal name | Bernardo, F. A. |
| 245 10 - TITLE STATEMENT | |
| Title | Management of colleges and universities of science and technology / |
| 260 ## - PUBLICATION, DISTRIBUTION, ETC. (IMPRINT) | |
| Place of publication | [Los Baños] : |
| Name of publisher | Published and distributed by the UPLB Foundation, Inc. and SEARCA, |
| Year of publication | c2006. |
| 300 ## - PHYSICAL DESCRIPTION | |
| Number of Pages | xxii, 459 p. : |
| Other physical details | ill. ; |
| Dimensions | 25 cm. |
| 942 ## - ADDED ENTRY ELEMENTS (KOHA) | |
| Koha item type | សៀវភៅភាសាអង់គ្លេស |
| 952 ## - LOCATION AND ITEM INFORMATION (KOHA) | |
| Withdrawn status [LOCAL, KOHA] | 0 |
| Permanent Location | Date acquired | Koha item type | Lost status | Shelving location | Barcode | Current Location | Full call number |
|---|---|---|---|---|---|---|---|
| Library Block A | 2017-12-18 | សៀវភៅភាសាអង់គ្លេស | A096 | A12973 | Library Block A | 822 PUB 2006 A096 Co. |